[Event "SVK-chT3B2 2324"]
[Site "Slovakia"]
[Date "2024.03.03"]
[Round "9.8"]
[White "Baso, Patrik"]
[Black "Marcek, Stefan"]
[Result "1/2-1/2"]
[WhiteElo "1374"]
[BlackElo "1617"]
[PlyCount "38"]
[EventDate "2023.10.15"]
[EventType "team-tourn"]
[EventRounds "11"]
[EventCountry "SVK"]
[SourceTitle "EXT 2025"]
[Source "ChessBase"]
[SourceDate "2024.10.14"]
[SourceVersion "1"]
[SourceVersionDate "2024.10.14"]
[SourceQuality "1"]
[WhiteTeam "Dubnica nad Vahom IV"]
[BlackTeam "Povazska Bystrica II"]
[WhiteTeamCountry "SVK"]
[BlackTeamCountry "SVK"]

1. e4 e5 2. Nf3 Nc6 3. Bc4 Nd4 4. Nxd4 exd4 5. 0-0 d6 6. d3 Nf6 7. Bf4 Be6 8. Nd2 Be7 9. Re1 0-0 10. e5 Nd5 11. Bxd5 Bxd5 12. Nc4 Bxc4 13. dxc4 dxe5 14. Bxe5 Bf6 15. Qf3 Bxe5 16. Rxe5 c6 17. Rae1 Qd6 18. c5 Qg6 19. Qh3 f6 1/2-1/2

[Event "SVK-chT3B2 2324"]
[Site "Slovakia"]
[Date "2024.02.04"]
[Round "7.8"]
[White "Baso, Patrik"]
[Black "Hudec, Matus"]
[Result "1-0"]
[WhiteElo "1374"]
[BlackElo "1214"]
[PlyCount "35"]
[EventDate "2023.10.15"]
[EventType "team-tourn"]
[EventRounds "11"]
[EventCountry "SVK"]
[SourceTitle "EXT 2025"]
[Source "ChessBase"]
[SourceDate "2024.10.14"]
[SourceVersion "1"]
[SourceVersionDate "2024.10.14"]
[SourceQuality "1"]
[WhiteTeam "Dubnica nad Vahom IV"]
[BlackTeam "Prievidza III"]
[WhiteTeamCountry "SVK"]
[BlackTeamCountry "SVK"]

1. e4 d5 2. exd5 Qxd5 3. Nc3 Qa5 4. Nf3 Nf6 5. Bc4 c6 6. a3 Bg4 7. b4 Qc7 8. Qe2 e6 9. h3 Bxf3 10. Qxf3 Qe5+ 11. Qe3 Nbd7 12. d4 Qc7 13. 0-0 Nd5 14. Nxd5 cxd5 15. Bxd5 Qxc2 16. Bxe6 fxe6 17. Qxe6+ Kd8 18. Bg5+ 1-0